Central Library OPAC University of Rajshahi

The A.B.C. of gardening / (Record no. 14143)

MARC details
000 -LEADER
fixed length control field 00766cam a22002651 4500
001 - CONTROL NUMBER
control field 14143
003 - CONTROL NUMBER IDENTIFIER
rucl marc code BD-RjUL
005 - DATE AND TIME OF LATEST TRANSACTION
control field 20211208235559.0
008 - FIXED-LENGTH DATA ELEMENTS--GENERAL INFORMATION
fixed length control field 140205s1952 enka 001 0 eng d
035 ## - SYSTEM CONTROL NUMBER
System control number (BD-RjUL)14195
System control number (OCoLC)5838673
040 ## - CATALOGING SOURCE
Original cataloging agency DLC
Transcribing agency OCl
Modifying agency DLC
-- BD-RjUL
Language of cataloging eng
041 ## - LANGUAGE CODE
Language code of text/sound track or separate title eng
082 00 - DEWEY DECIMAL CLASSIFICATION NUMBER
Classification number 635
Author mark and year SHA 1952
100 2# - MAIN ENTRY--PERSONAL NAME
Personal name Shewell-Cooper, W. E.
Fuller form of name (Wilfred Edward),
Dates associated with a name 1900-
9 (RLIN) 44180
245 14 - TITLE STATEMENT
Title The A.B.C. of gardening /
Statement of responsibility, etc. W. E.Shewell-Cooper.
260 ## - PUBLICATION, DISTRIBUTION, ETC. (IMPRINT)
Place of publication, distribution, etc. London :
Name of publisher, distributor, etc. English Universities Press,
Date of publication, distribution, etc. 1952
300 ## - PHYSICAL DESCRIPTION
Pagination 262 p. :
Illustrations illus. ;
Size 19 cm.
490 0# - SERIES STATEMENT
Series statement The ABC of gardening series
504 ## - BIBLIOGRAPHY, ETC. NOTE
Bibliography, etc Includes Index
650 #0 - SUBJECT ADDED ENTRY--TOPICAL TERM
Topical term or geographic name as entry element Gardening.
9 (RLIN) 44181
942 ## - ADDED ENTRY ELEMENTS (KOHA)
Source of classification or shelving scheme Dewey Decimal Classification
Koha item type Books
Holdings
Lost status Source of classification or shelving scheme Damaged status Not for loan Collection code Permanent Location Current Location Shelving location Date acquired Source of acquisition Cost, normal purchase price Total Checkouts Full call number Date last seen Copy number Koha item type
  Dewey Decimal Classification   Not For Loan Non-fiction Central Library, University of Rajshahi Central Library, University of Rajshahi Reading Room 19/05/1955 Pak. Book Center 3.00   635 SHA 1952 05/02/2014 C-1 Books
  Dewey Decimal Classification     Non-fiction Central Library, University of Rajshahi Central Library, University of Rajshahi   13/02/1956 A.B.A. Cal. 4.14   635 SHA 1947 04/06/2017 C-2 Books